| 000 | 00833nam a2200265 i 4500 | ||
|---|---|---|---|
| 001 | 000045834 | ||
| 003 | DO-SdBNP | ||
| 005 | 20240527143920.0 | ||
| 006 | a||||fr|||| 00| 0 | ||
| 007 | ta | ||
| 008 | 150518s1997 dr 000 0 spa d | ||
| 040 |
_aDO-SdBNP _bspa _cBNPHU _erda |
||
| 082 | 4 |
_222 _bR426L |
|
| 110 | 1 |
_aRepública Dominicana. _bSecretaría de Estado de Educación y Cultura _911088 |
|
| 240 | _a[Leyes, etc.] | ||
| 245 | 1 | 0 | _aLey general de educación no. 66-97. |
| 264 |
_aSanto Domingo : _bSecretaría de Estado de Educación, _c1997. |
||
| 300 |
_a80 páginas ; _c21 cm. |
||
| 336 |
_2rdacontent _atexto _btxt |
||
| 337 |
_2rdamedia _asin mediación _bn |
||
| 338 |
_2rdacarrier _avolumen _bnc |
||
| 500 | _aGaceta oficial no. 9951 10 de abril de 1997. | ||
| 590 | _aInventariado, 2024/BT | ||
| 942 |
_2ddc _cLBS1 |
||
| 999 |
_c45323 _d45323 |
||